Statistics for The Crow (1994 movie) - Quiz

Click here to take the quiz!

General Stats

  • This quiz has been taken 76 times
  • The average score is 5 of 18

Answer Stats

HintAnswer% Correct
Played Eric DravenBrandon Lee
97%
T-Bird's gang chanted:Fire It Up!
52%
Had blades stuck into his major organs in alphabetical orderTin-Tin
41%
Film took place in this cityDetroit
41%
"All the power in the world rests in the..."Eyes
38%
Said: "Look what you've done... to my sheets"Funboy
36%
Played Sgt. AlbrechtErnie Hudson
31%
Speed freakSkank
25%
Sarah's momDarla
25%
Directed the filmAlex Proyas
23%
Played Top DollarMichael Wincott
19%
"Abashed the Devil stood and felt..."How awful goodness is
19%
"Buildings burn, people die, but..."Real love is forever
17%
The movie is based on the 1989 comic book of the same name created byJames O'Barr
16%
"For a ghost you..."Bleed just fine
14%
The movie was dedicated toBrandon and Eliza
14%
Played SarahRochelle Davis
11%
Played GideonJon Polito
8%

Score Distribution

Percentile by Number Answered

Percent of People with Each Score

Your Score History

You have not taken this quiz